00279pab a2200121 454500008004000000100002000040245003100060260000900091300000900100362001100109650002200120773001500142180718b1985 xxu||||| |||| 00| 0 eng d aSabherwal, O.P. aAkali politicsbWhat next? c1985 a6,34 a18 May aPunjab - Politics aMainstream